Score 0/9 Timer 01:00
0 Plays Today
Clue 4-Letter Word % Correct
Light seeking insectMOTH
76.2%
Carry around a bagTOTE
70.4%
Puff of a jointTOKE
61.3%
Dust particleMOTE
58.1%
Heracles story, perhapsMYTH
53.8%
Ancient stringed instrumentLYRE
52.5%
A small childTYKE
48.8%
Body of traditionLORE
48.5%
'Pericles, Prince of ___'TYRE
38.8%

Today's Daily Dose

Remove Ads.
Support Sporcle.
Get the best of Sporcle when you Go Orange. This ad-free experience offers more features, more stats, and more fun while also helping to support Sporcle. Thank you for becoming a member.

You're not logged in!

Compare scores with friends on all Sporcle quizzes.
OR
Log In

Show Comments

Extras

Top Quizzes Today


Score Distribution

Your Account Isn't Verified!

In order to create a playlist on Sporcle, you need to verify the email address you used during registration. Go to your Sporcle Settings to finish the process.

Report this User

Report this user for behavior that violates our Community Guidelines.

Details: